| 000 | 01252cam a2200361 a 4500 | ||
|---|---|---|---|
| 001 | 4161 | ||
| 003 | FISKH | ||
| 005 | 20240624111659.0 | ||
| 008 | 110902s2012 nyua b 000 1 eng | ||
| 010 | _a 2011026152 | ||
| 020 | _a9780062083012 (tr. bdg.) | ||
| 020 | _a9780062083029 (pb. bdg.) | ||
| 040 |
_aDLC _cDLC _dDLC _beng |
||
| 050 | _aPZ7.O222 | ||
| 082 | _a813.6 | ||
| 100 | 1 | _aO'Connor, Jane. | |
| 245 | 1 | 0 |
_aFancy Nancy and the too-loose tooth / _cby Jane O'Connor ; cover illustration by Robin Preiss Glasser ; interior illustrations by Ted Enik. |
| 260 |
_aNew York : _bHarper, _c2012. |
||
| 300 |
_a32 pages : _bcolor illustrations ; _c23 cm |
||
| 490 | 0 | _aI can read. Level 1 | |
| 505 | _aH | ||
| 520 | _aNancy is about to lose her first tooth, but if she can prevent it from falling out until she arrives at school she will get a special necklace from the nurse. | ||
| 521 |
_a430
_bLexile |
||
| 521 |
_aH
_bRaz-Plus |
||
| 650 | 1 |
_aTeeth _vFiction. |
|
| 650 | 1 |
_aSchools _vFiction. |
|
| 650 | 1 |
_aVocabulary _vFiction. |
|
| 700 | 1 |
_aPreiss-Glasser, Robin, _eillustrator |
|
| 700 | 1 |
_aEnik, Ted, _eillustrator |
|
| 906 |
_a7 _bcbc _corignew _d1 _eecip _f20 _gy-gencatlg |
||
| 942 |
_2ddc _cBK _n0 |
||
| 999 |
_c4161 _d4161 |
||